000
00208 a2200097 4500
001
34676
100
_a
Black Houre JK
245
_a
Pure Mathematics 2
260
_a
UK
_b
Longman Ltd
_c
090
_c
22960
_d
22960
942
_a
NUST-CAE
_c
M
_c
14403
999
_c
269749
_d
269749